00817 2200241 4500001002100000005001700021008004100038020002200079035002500101040001200126082001400138084001500152100002400167245018900191260002700380300003200407500002900439650003000468700002300498990001800521990001800539990001800557INLIS00000000001495220151011093610.0  a978-979-29-4210-1 a0010-101500000000686 aYOPDYOG 2[23]a428 a428bYus S aYUSUP PRIYASUDIARJA aStrategi jitu menguasai percakapan bahasa inggrisbcara jos memilih tenses, structure, vocabulary, American English atau British EnglishcYusup Priyasudiarja; editor Th. Arie Prabawati aYogyakartabAndic2014 avii, 268 hlm.; 23 cmc23 cm aBibliografi: hlm.263-264 aBahasa Inggris-Percakapan aTh. Arie Prabawati a21264-PD/B.15 a21265-PD/B.15 a21266-PD/B.15